Bài tập thực hành kế toán (Lập chứng từ - ghi sổ - lập báo cáo tài chính) ; Theo quyết đinh số 15/2006/QĐ-BTC ngày 20/03/2006 của BTC (Có sửa đổi theo thông tư 244/2009/TT-BTC ngày 31/12/2009 của BTC)

Bài tập thực hành kế toán, được soạn theo giáo trình giảng dạy dựa trên thực tế công việc kế toán tại các đơn vị kinh doanh, nội dung bao gồm: - Tóm tắt lý thuyết ngắn gọn, dễ hiểu. - Bài tập đa dạng, mới được xây dựng theo từng...

সম্পূর্ণ বিবরণ

সংরক্ষণ করুন:
গ্রন্থ-পঞ্জীর বিবরন
প্রধান লেখক: Trịnh Quốc Hùng
অন্যান্য লেখক: Trinh Minh Tân
বিন্যাস: গ্রন্থ
ভাষা:Vietnamese
প্রকাশিত: TP. Hồ Chí Minh Phương Đông 2010
বিষয়গুলি:
ট্যাগগুলো: ট্যাগ যুক্ত করুন
কোনো ট্যাগ নেই, প্রথমজন হিসাবে ট্যাগ করুন!
Thư viện lưu trữ: Thư viện Trường Đại học Nam Cần Thơ
LEADER 02892nam a22003017a 4500
001 NCT_39647
008 180608b xxu||||| |||| 00| 0 vie d
999 |c 1912  |d 1912 
020 |c 98000 
082 0 4 |2 23rd ed.  |a 657.076  |b H513 
100 |a Trịnh Quốc Hùng 
245 1 0 |a Bài tập thực hành kế toán (Lập chứng từ - ghi sổ - lập báo cáo tài chính) ;   |b  Theo quyết đinh số 15/2006/QĐ-BTC ngày 20/03/2006 của BTC (Có sửa đổi theo thông tư 244/2009/TT-BTC ngày 31/12/2009 của BTC)  |c Trịnh Quốc Hùng, Trịnh Minh Tân 
260 |a TP. Hồ Chí Minh  |b  Phương Đông  |c 2010 
300 |a 442 tr.  |b Minh họa  |c 24 cm 
520 3 |a Bài tập thực hành kế toán, được soạn theo giáo trình giảng dạy dựa trên thực tế công việc kế toán tại các đơn vị kinh doanh, nội dung bao gồm: - Tóm tắt lý thuyết ngắn gọn, dễ hiểu. - Bài tập đa dạng, mới được xây dựng theo từng nội dung riêng biệt sát với thực tế, cụ thể: Phần I: Câu hỏi kiểm tra kiến thức tiếp thu. Phần II: Câu hỏi thảo luận. Phần III: Lập chứng từ, ghi sổ và lập báo cáo tài chính. 
653 |a Kế toán 
700 1 |a Trinh Minh Tân 
942 |2 ddc  |c BK 
952 |0 0  |1 0  |2 ddc  |4 0  |6 657_076000000000000_H513  |7 0  |9 9868  |a 000001  |b 000001  |d 2018-06-08  |o 657.076 H513  |p MD.07115  |r 2018-06-08  |v 98000.00  |w 2018-06-08  |y BK 
952 |0 0  |1 0  |2 ddc  |4 0  |6 657_076000000000000_H513  |7 0  |9 9869  |a 000001  |b 000001  |d 2018-06-08  |o 657.076 H513  |p MD.07117  |r 2018-06-08  |v 98000.00  |w 2018-06-08  |y BK 
952 |0 0  |1 0  |2 ddc  |4 0  |6 657_076000000000000_H513  |7 0  |9 9870  |a 000001  |b 000001  |d 2018-06-08  |o 657.076 H513  |p MD.07118  |r 2019-10-02  |v 98000.00  |w 2018-06-08  |y BK 
952 |0 0  |1 0  |2 ddc  |4 0  |6 657_076000000000000_H513  |7 0  |9 9871  |a 000001  |b 000001  |d 2018-06-08  |o 657.076 H513  |p MD.07540  |r 2018-06-08  |v 98000.00  |w 2018-06-08  |y BK 
952 |0 0  |1 0  |2 ddc  |4 0  |6 657_076000000000000_H513  |7 0  |9 9872  |a 000001  |b 000001  |d 2018-06-08  |o 657.076 H513  |p MD.07543  |r 2018-06-08  |v 98000.00  |w 2018-06-08  |y BK 
952 |0 0  |1 0  |2 ddc  |4 0  |6 657_076000000000000_H513  |7 0  |9 9873  |a 000001  |b 000001  |d 2018-06-08  |o 657.076 H513  |p MD.07130  |r 2018-06-08  |v 98000.00  |w 2018-06-08  |y BK 
952 |0 0  |1 0  |2 ddc  |4 0  |6 657_076000000000000_H513  |7 0  |9 9874  |a 000001  |b 000001  |d 2018-06-08  |o 657.076 H513  |p MD.07124  |r 2018-06-08  |v 98000.00  |w 2018-06-08  |y BK 
952 |0 0  |1 0  |2 ddc  |4 0  |6 657_076000000000000_H513  |7 0  |9 9880  |a 000001  |b 000001  |d 2018-06-08  |o 657.076 H513  |p MD.07127  |r 2018-06-08  |v 98000.00  |w 2018-06-08  |y BK 
952 |0 0  |1 0  |2 ddc  |4 0  |6 657_076000000000000_H513  |7 0  |9 9881  |a 000001  |b 000001  |d 2018-06-08  |o 657.076 H513  |p MD.07121  |r 2018-06-08  |v 98000.00  |w 2018-06-08  |y BK 
980 |a Thư viện Trường Đại học Nam Cần Thơ